书目信息 |
| 题名: |
精神障碍与犯罪 上
|
|
| 作者: | 刘白驹 著 | |
| 分册: | ||
| 出版信息: | 北京 社会科学文献出版社 2000.08 |
|
| 页数: | 415-856页 | |
| 开本: | 32开 | |
| 丛书名: | ||
| 单 册: | ||
| 中图分类: | R749 | |
| 科图分类: | ||
| 主题词: | 精神病学 | |
| 电子资源: | ||
| ISBN: | 7-80149-250-1 | |
| 000 | 00557nam0 2200193 45 | |
| 001 | 0012041069 | |
| 005 | 20001204153054.1 | |
| 010 | @a7-80149-250-1@d25.00元 | |
| 100 | @a20001204d2000 km y0chiy0120 ea | |
| 101 | 0 | @achi |
| 105 | @a z 000yy | |
| 200 | 1 | @a精神障碍与犯罪 上@AJing Shen Zhang Ai Yu Fan Zui Shang@f刘白驹著@FLiu Bai Ju Zhu |
| 210 | @a北京@c社会科学文献出版社@d2000.08 | |
| 215 | @a415-856页@d32开 | |
| 606 | 0 | @a精神病学 |
| 690 | @aR749@v3 | |
| 701 | 0 | @a刘白驹@4著 |
| 801 | @aCN@bPftUser@c20001204 | |
| 905 | @dR749@eL339:1@b512725-726@f2 | |
| 精神障碍与犯罪 上/刘白驹著.-北京:社会科学文献出版社,2000.08 |
| 415-856页;32开 |
| ISBN 7-80149-250-1:25.00元 |
| ● |
| 相关链接 |
|
|
|
正题名:精神障碍与犯罪上
索取号:R749/L339:1
 
预约/预借
| 序号 | 登录号 | 条形码 | 馆藏地/架位号 | 状态 | 备注 |
| 1 | 512725 | 205127254 | 自科库401/401自科库 21排1列3层/ [索取号:R749/L339:1] | 在馆 | |
| 2 | 512726 | 205127263 | 自科库401/401自科库 21排1列3层/ [索取号:R749/L339:1] | 在馆 |